000 00652nam a2200241Ia 4500
003 OSt
005 20221007064753.0
006 a|||||r|||| 00| 0
007 ta
008 221006b |||||||| |||| 00| 0 eng d
024 _a8,712
037 _cTextual
040 _aFLL
_cFLL
_beng
041 _2eng
_aeng
082 _aZ2:8813N60, K1
100 _aAggarawala O.P.
_9686250
245 0 _aIndian supreme court digest
250 _a1st
260 _aDelhi
_bMetropolitan Book Co. (Private) Ltd. India
_c1961
300 _axxxi,368p
_ccm.
942 _hZ2:8813N60, K1
_cTEXL
_2CC
999 _c1135291
_d1135291